000 00287nam a22001217a 4500
003 SGT
082 _a616.995
_bB13W
100 _aWHITE, GARY C.
245 _aBASIC CLINICAL LAB COMPETENCES OF RESPIRATORY CARE
260 _aAUSTRALIA
_bDELMAR
_c2013
300 _a781
942 _2ddc
_cBK
999 _c14845
_d14845